[Event "19th Czech Chladek & Tintera A Open"]
[Site "Pardubice CZE"]
[Date "2008.07.26"]
[Round "9"]
[White "Pozin,S"]
[Black "Kanarek,M"]
[Result "0-1"]
[WhiteElo "2436"]
[BlackElo "2349"]

1.e4 c5 2.Nc3 Nc6 3.Nf3 g6 4.g3 Bg7 5.Bg2 Rb8 6.O-O b5 7.a3 d6 8.Rb1 Nf6
9.b4 cxb4 10.axb4 O-O 11.d3 Ne8 12.Qe1 Nc7 13.Be3 e5 14.Qd2 a6 15.Bh6 Be6
16.Bxg7 Kxg7 17.d4 Bg4 18.d5 Bxf3 19.Bxf3 Ne7 20.Bg2 Nc8 21.Nd1 Nb6 22.Ne3 Ne8
23.f4 f6 24.Bh3 Rf7 25.Be6 Rc7 26.fxe5 Nc4 27.exf6+ Nxf6 28.Nxc4 Rxc4 29.Rb3 Qb6+
30.Kh1 Qd4 31.Qxd4 Rxd4 32.Re3 Ra8 33.Rc3 Rc4 34.Rxc4 bxc4 35.Ra1 Nxe4 36.Kg2 Kf6
37.Bg4 Ke5 38.Bf3 Nd2 39.Be2 Kd4 40.Ra3 Kxd5 41.Kf2 Rf8+ 42.Ke3 Nf1+ 43.Bxf1 Rxf1
44.Ra5+ Kc6 45.Rxa6+ Kb5 46.Rxd6 Kxb4 47.Rd7 Kc3 48.Rxh7 Kxc2 49.Rc7 c3 50.Rc6 g5
51.Rc5 Kb3 52.Kd3 Rd1+ 53.Ke4 c2 54.Kf5 Rd5+ 55.Rxd5 c1=Q 56.Re5 Kc4 57.Kg4 Qb2
58.Rxg5 Qxh2 59.Rf5 Kd4 60.Rf4+ Ke3 61.Rf3+ Ke2 62.Rf5 Qh6 63.Rf4 Qh1 64.Rf5 Qe4+
65.Rf4 Qe6+ 66.Kh4 Ke3 67.Rf1 Qh6+ 68.Kg4 Qg6+ 69.Kh4 Ke2 70.Rf4 Qe6 71.g4 Qh6+
72.Kg3 Qd6  0-1

[Event "19th Czech Chladek & Tintera A Open"]
[Site "Pardubice CZE"]
[Date "2008.07.26"]
[Round "9"]
[White "Geller,J"]
[Black "Wirig,A"]
[Result "1/2-1/2"]
[WhiteElo "2510"]
[BlackElo "2456"]

1.e4 c5 2.Nf3 Nc6 3.Nc3 Qb6 4.g3 e6 5.Bg2 d6 6.O-O Be7 7.b3 Nf6 8.Bb2 O-O
9.Re1 e5 10.h3 Qd8 11.Qe2 Rb8 12.a3 a6 13.Nd5 Be6 14.c4 b5 15.d3 Rb7 16.Bc3 bxc4
17.bxc4 Qd7 18.Qf1 Rfb8 19.Reb1 Bd8 20.Rxb7 Rxb7 21.Rb1 Qc8 22.Qc1 Nd7 23.Rxb7 Qxb7
24.Qb2 Qc8 25.Nd2 Nf8 26.Kh2 Bd7 27.Nb6 Bxb6 28.Qxb6 Be6 29.f4 Nd7 30.Qb2 f6
31.f5 Bf7 32.Bf3 Qc7 33.Bd1 Nd4 34.Nb3 Be8 35.Ba5 Qb7 36.Bc3 Kf8 37.Kg1 Qc7
38.Kf2 Ke7 39.Ba5 Qb7 40.Bc3 Qc7 41.Ba5 Qb8 42.Bc3 g6 43.Nxd4 Qxb2+ 44.Bxb2 exd4
45.fxg6 Bxg6 46.g4 Ne5 47.Be2 Be8 48.Bc1 Ba4 49.Bf4 Ng6 50.Bg3 Be8 51.Bd1 Nf8
52.Bf4 Ne6 53.Bd2 Bd7 54.Kg3 Be8 55.Bc1 Nf8 56.Bf4 Ng6 57.Kf3 Ke6 58.Bg3 Ne5+
59.Bxe5 Kxe5 60.Kg3 Bg6 61.Bf3 a5 62.h4 h6 63.Bg2 Bf7 64.Kf3 Be8 65.Bf1 Ba4
66.Be2 Bb3 67.Kg3 Bc2 68.Kf3 Ba4 69.Kg3 Bb3 70.Kf3 Bc2 71.Kg3 Ba4 72.Kf3 Bc6
73.Kg3 Bb7 74.Bf3 Bc8 75.Bd1 Be6 76.Kf3 Bf7 77.Ba4 Bg6 78.Bc6 Bf7 79.Bd7 Bg8
80.Bf5 Bf7 81.Bd7 Bg6 82.Bc6 Bf7  1/2-1/2

[Event "ZMD Open"]
[Site "Dresden GER"]
[Date "2008.07.27"]
[Round "9"]
[White "Zozulia,A"]
[Black "Guenther,T"]
[Result "1-0"]
[WhiteElo "2346"]
[BlackElo "2141"]

1.e4 c5 2.Nf3 Nc6 3.Nc3 d6 4.d4 cxd4 5.Nxd4 Nf6 6.Be2 e6 7.O-O Be7 8.Kh1 a6
9.f4 Qc7 10.Be3 O-O 11.Qe1 Re8 12.Qg3 Nd7 13.f5 Bf8 14.fxe6 fxe6 15.Bh5 Nxd4
16.Bxe8 Nxc2 17.Bxd7 Nxe3 18.Bxc8  1-0

[Event "2nd Dragana Vjestice Mem"]
[Site "Banja Luka BIH"]
[Date "2008.07.28"]
[Round "7"]
[White "Kelecevic,M"]
[Black "Dujkovic,S"]
[Result "1/2-1/2"]
[WhiteElo "2263"]
[BlackElo "2401"]

1.e4 c5 2.Nc3 Nc6 3.Nf3 e6 4.Bc4 d6 5.O-O Nf6 6.Re1 Be7 7.d4 cxd4 8.Nxd4 O-O
9.Be3 a6 10.a4 Qc7 11.Nxc6 bxc6 12.a5 c5 13.Bf4 Bb7 14.Qe2 Qc6 15.f3 Rfd8
16.Nd5 exd5  1/2-1/2

[Event "TIPC Open"]
[Site "Charleroi BEL"]
[Date "2008.07.31"]
[Round "7"]
[White "Werner,Iv"]
[Black "Kuciapa,A"]
[Result "1-0"]
[WhiteElo "2113"]
[BlackElo "1887"]

1.e4 c5 2.Nc3 Nc6 3.Nf3 d6 4.d4 cxd4 5.Nxd4 Nf6 6.Bc4 e6 7.a3 Be7 8.O-O O-O
9.Kh1 Nxd4 10.Qxd4 e5 11.Qd3 a6 12.f3 Bd7 13.Be3 Qc7 14.g4 h6 15.g5 hxg5
16.Bxg5 Be6 17.Bb3 Nh7 18.Be3 Bxb3 19.cxb3 Nf6 20.Rg1 Qd7 21.Bh6 Nh5 22.f4 Qe6
23.Nd5 Qxh6 24.Nxe7+ Kh7 25.Nf5 Qf6 26.Qh3 g6 27.Rg5 Rh8 28.Rxh5+ gxh5 29.Rg1 h4
30.Nxh4 Qh6  1-0

[Event "13th Open"]
[Site "Creon FRA"]
[Date "2008.07.31"]
[Round "5"]
[White "Okhotnik,V"]
[Black "Favarel,A"]
[Result "1-0"]
[WhiteElo "2468"]
[BlackElo "2074"]

1.e4 c5 2.Nf3 Nc6 3.Nc3 e5 4.Bc4 Be7 5.d3 d6 6.h3 Nd4 7.a3 Be6 8.Nd5 Nxf3+
9.Qxf3 Nf6 10.Nxf6+ Bxf6 11.Bxe6 fxe6 12.Qh5+ g6 13.Qg4 Qe7 14.h4 O-O-O 15.h5 gxh5
16.Rxh5 Kb8 17.Be3 d5 18.O-O-O Rdg8 19.Qf3 d4 20.Bd2 Rc8 21.Rdh1 c4 22.Bb4 Bg5+
23.Kb1 Qd8 24.Rxh7 Rxh7 25.Rxh7 cxd3 26.Qxd3 Qb6 27.Rd7 Rc6 28.Qg3 Bf4 29.Qg8+ Rc8
30.Bd6+ Qxd6 31.Qxc8+ Kxc8 32.Rxd6  1-0

[Event "95th ch-GBR"]
[Site "Liverpool ENG"]
[Date "2008.07.31"]
[Round "4"]
[White "Hanley,Ja"]
[Black "Lalic,B"]
[Result "1/2-1/2"]
[WhiteElo "2243"]
[BlackElo "2533"]

1.e4 c5 2.Nf3 Nc6 3.Nc3 Nf6 4.e5 Ng4 5.Qe2 d6 6.exd6 Qxd6 7.d4 cxd4 8.Nb5 Qb8
9.Nbxd4 Nxd4 10.Nxd4 e5 11.Nf3 Bd6 12.h3 Nf6 13.Bg5 Nd7 14.O-O-O O-O 15.Qd2 Bc7
16.Bb5 e4 17.Bxd7 Bxd7 18.Qxd7 exf3 19.g3 Bb6 20.Qd3 Qe5 21.Bf4  1/2-1/2

[Event "III Open"]
[Site "Oviedo ESP"]
[Date "2008.07.31"]
[Round "9"]
[White "Alonso Alvarez,A"]
[Black "Starostits,I"]
[Result "1/2-1/2"]
[WhiteElo "2191"]
[BlackElo "2497"]

1.e4 c5 2.Nc3 Nc6 3.Nge2 g6 4.d4 cxd4 5.Nxd4 Bg7 6.Be3 d6 7.Bc4 Nf6 8.f3 h5
9.h4 Bd7 10.Qd2 Na5 11.Bb3 Rc8 12.O-O-O Nc4 13.Bxc4 Rxc4 14.Kb1 a6 15.Nde2 Qa5
16.Bd4 Kf8 17.Qd3 Rc8 18.Rhe1 Be6 19.Qd2 Bc4 20.Qe3 Nd7 21.Bxg7+ Kxg7 22.Qd4+ Ne5
23.Nc1 Kh7 24.Nd5 Bxd5 25.Qxd5 Rc5 26.Qd2 Qa4 27.Nb3 Rb5 28.Qe2 Rc8 29.Rd4 Rb4
30.Rxb4 Qxb4 31.g4 hxg4 32.fxg4 a5 33.h5 g5 34.c3 Qb6 35.Rc1 a4 36.Nd4 a3
37.b3 Rxc3 38.Rxc3 Qxd4 39.Qe3 Qd1+ 40.Rc1 Qxg4 41.Rg1 Qf3 42.Qxg5 Qd3+ 43.Kc1 Qc3+
44.Kd1 Qa1+ 45.Kc2 Qb2+ 46.Kd1 Qb1+ 47.Ke2 Qxa2+ 48.Kf1 Qb1+ 49.Ke2 Qxe4+
50.Kf1 Qb1+ 51.Ke2 Qd3+ 52.Kf2 Qf3+ 53.Ke1 Qc3+ 54.Ke2 Qb2+ 55.Kf1 Qa1+ 56.Ke2 Qa2+
57.Kf1 Qb1+ 58.Ke2 Qc2+ 59.Kf1 Qd1+ 60.Kf2 Qf3+ 61.Ke1 Qe4+  1/2-1/2

[Event "TIPC GM"]
[Site "Charleroi BEL"]
[Date "2008.08.01"]
[Round "8"]
[White "Hovhanisian,M"]
[Black "Plachetka,J"]
[Result "1/2-1/2"]
[WhiteElo "2458"]
[BlackElo "2381"]

1.e4 c5 2.Nc3 Nc6 3.Bb5 e5 4.Bxc6 bxc6 5.d3 d6 6.Nge2 g6 7.O-O Bg7 8.f4 Rb8
9.Kh1 exf4 10.Bxf4 Rxb2 11.Qc1 Rb7 12.Qe3 Bg4 13.Qg3 Bxe2 14.Nxe2 Nf6 15.Bxd6 Nh5
16.Qh3 Qd7 17.Qxd7+ Rxd7 18.e5 Rxd6 19.exd6 Bxa1 20.Rxa1 Kd7 21.g4 Nf6 22.Rf1 Nxg4
23.Rxf7+ Kxd6 24.Nc3 c4 25.dxc4 a5 26.Ra7 Kc5 27.Ne4+ Kd4 28.Ng5 Kxc4 29.Rxa5 Ne3
30.Ne6 Nxc2 31.Rc5+ Kd3 32.Nf4+ Ke4 33.Rxc2  1/2-1/2

[Event "13th Open"]
[Site "Creon FRA"]
[Date "2008.08.01"]
[Round "7"]
[White "Inkiov,V"]
[Black "Guliev,L"]
[Result "1-0"]
[WhiteElo "2446"]
[BlackElo "2436"]

1.e4 c5 2.Nc3 Nc6 3.Nge2 d6 4.d4 cxd4 5.Nxd4 Nf6 6.g3 e5 7.Nde2 Be7 8.Bg2 O-O
9.O-O a6 10.h3 b5 11.g4 b4 12.Nd5 Nxd5 13.exd5 Nb8 14.f4 exf4 15.Bxf4 Bf6
16.Ng3 Nd7 17.Ne4 Be5 18.g5 a5 19.Bxe5 Nxe5 20.Qh5 Ng6 21.Kh1 Ra7 22.Nf6+ gxf6
23.gxf6 Kh8 24.Be4 Qd7 25.Rf5 Qe8 26.Rf4 Bg4 27.Qh6 Rg8 28.Rxg4 Qf8 29.Qh5 h6
30.Bd3 Rc7 31.Re1 Kh7 32.Rh4 Rh8 33.Re8  1-0

[Event "17th Open"]
[Site "Kavala GRE"]
[Date "2008.08.01"]
[Round "3"]
[White "Nevednichy,V"]
[Black "Gaponenko,I"]
[Result "1/2-1/2"]
[WhiteElo "2577"]
[BlackElo "2468"]

1.e4 c5 2.Nc3 Nc6 3.Bb5 Nd4 4.Bc4 g6 5.Nf3 Bg7 6.Nxd4 cxd4 7.Qf3 Nh6 8.Ne2 e6
9.d3 f5 10.Bxh6 Bxh6 11.exf5 Qa5+ 12.Kf1 O-O 13.g4 gxf5 14.gxf5 Rxf5 15.Rg1+ Kh8
16.Qg4 Rg5 17.Qxd4+ Bg7 18.Qd6 Rxg1+ 19.Nxg1 b5 20.Bxe6 dxe6 21.Qc6 Bb7 22.Qxb7 Rf8
23.Nf3 Qb4 24.Rb1 Qa4 25.Qc6 Qxa2 26.Re1 Qxb2 27.Rxe6 a5 28.Re8 a4 29.d4 a3
30.Rxf8+ Bxf8 31.Qf6+ Kg8 32.Qe6+ Kh8 33.Qe5+ Kg8 34.Qd5+ Kh8 35.Qe5+ Kg8
36.Qe6+ Kh8 37.Qf6+ Kg8 38.Ng5 Qa2 39.Ne6 Qc4+ 40.Kg1 Qc8 41.Qg5+ Kf7 42.Qf5+ Kg8
43.Qg5+ Kf7 44.Qf5+ Kg8  1/2-1/2

[Event "ITT Raul Moiraghi"]
[Site "Villa Martelli ARG"]
[Date "2008.08.01"]
[Round "4"]
[White "Cunha,E"]
[Black "Guerrero,Alv"]
[Result "1/2-1/2"]
[WhiteElo "2227"]
[BlackElo "2154"]

1.e4 c5 2.Nf3 Nc6 3.Nc3 Nf6 4.Bb5 e6 5.O-O Nd4 6.e5 a6 7.Bd3 Nd5 8.Nxd5 Nxf3+
9.Qxf3 exd5 10.Qxd5 Be7 11.Qe4 Rb8 12.a4 b6 13.b3 g6 14.e6 fxe6 15.Qe5 Bf6
16.Qxb8 Bxa1 17.c3 O-O 18.Ba3 Qg5 19.Qg3 Qxd2 20.Rxa1 e5 21.c4  1/2-1/2

[Event "XXIII Rapid Open"]
[Site "Villarrobledo ESP"]
[Date "2008.08.02"]
[Round "2"]
[White "Fernandez Gil,M"]
[Black "Shirov,A"]
[Result "0-1"]
[WhiteElo "2277"]
[BlackElo "2741"]

1.e4 c5 2.Nc3 Nc6 3.Nf3 e5 4.Bc4 Be7 5.d3 d6 6.Nd2 Bg5 7.h4 Bh6 8.Qh5 Qd7
9.Nb5 Nd8 10.Nf1 Nf6 11.Qf3 Bxc1 12.Rxc1 a6 13.Nc3 b5 14.Bb3 Ne6 15.Nd5 Nxd5
16.Bxd5 Ra7 17.Ne3 O-O 18.h5 h6 19.c3 Nf4 20.Rd1 Kh8 21.Bb3 a5 22.Nd5 Ne6
23.Nb6 Qd8 24.Nxc8 Qxc8 25.Qg4 a4 26.Bxe6 fxe6 27.a3 Raf7 28.Rd2 Rf4 29.Qh3 Qe8
30.O-O Qe7 31.g3 Qg5 32.Rdd1 R8f6 33.Kg2 Kh7 34.f3 d5 35.Rde1 c4 36.exd5 exd5
37.dxc4 bxc4 38.Rd1 d4 39.cxd4 exd4 40.Qd7 d3 41.Qb7 Rd4 42.Qa7 Rfd6  0-1

[Event "Najdorf Memorial Open"]
[Site "Warsaw POL"]
[Date "2008.08.02"]
[Round "1"]
[White "Vovk,Y"]
[Black "Brzeski,M"]
[Result "0-1"]
[WhiteElo "2549"]
[BlackElo "2208"]

1.e4 c5 2.Nc3 Nc6 3.Bb5 Nd4 4.Bc4 e6 5.Nf3 Nf6 6.O-O a6 7.d3 b5 8.Bb3 Nxb3
9.axb3 Bb7 10.Re1 d5 11.Bg5 dxe4 12.Nxe4 Be7 13.Qe2 Nxe4 14.Bxe7 Qxe7 15.dxe4 O-O
16.Qe3 Rfd8 17.c4 Qd6 18.Rac1 Rac8 19.Re2 Qd3 20.Kf1 Qxe3 21.Rxe3 Kf8 22.Ke2 Ke7
23.Ne5 f6 24.Nd3 bxc4 25.Rxc4 Rd4 26.Kd2 a5 27.Rxd4 cxd4 28.Re1 e5 29.f3 Kd6
30.Ra1 Ra8 31.Ne1 g5 32.Nd3 g4 33.Nf2 gxf3 34.gxf3 Bc6 35.Rg1 Rb8 36.Kc2 a4
37.bxa4 Bxa4+ 38.Kb1 Rb3 39.Rg3 Re3 40.Ng4 Re1+ 41.Ka2 d3 42.f4 Bc2 43.fxe5+ fxe5
44.Nf2 d2 45.b4 Re2 46.Kb2 Ba4 47.Ka3 Bc2 48.Kb2 d1=Q 49.Nxd1 Bxd1+ 50.Kc3 Ba4
51.Rh3 Rxe4 52.Rxh7 Bb5 53.h4 Re3+ 54.Kd2 Rd3+ 55.Kc2 Rh3 56.Kd2 Kd5 57.h5 Kd4
58.h6 Rh2+ 59.Kc1 Kc3 60.Rc7+ Bc4 61.Rd7 Rxh6 62.Rd1 Ra6 63.Kb1 Bd3+  0-1

[Event "Open"]
[Site "Olomouc CZE"]
[Date "2008.08.03"]
[Round "4"]
[White "Zboril,T"]
[Black "Vojacek,Z"]
[Result "1-0"]
[WhiteElo "2109"]
[BlackElo "1940"]

1.e4 c5 2.Nf3 Nc6 3.Nc3 g6 4.d4 cxd4 5.Nxd4 Bg7 6.Be3 Nf6 7.Bc4 O-O 8.Bb3 d6
9.f3 Bd7 10.Qd2 Rc8 11.h4 Qa5 12.O-O-O Ne5 13.h5 Nc4 14.Bxc4 Rxc4 15.hxg6 fxg6
16.Nb3 Qc7 17.Bh6 Rc8 18.Bxg7 Kxg7 19.Kb1 Be6 20.g4 Bg8 21.g5 Nh5 22.Nd4 Qb6
23.Nd5 Qa6 24.b3 Bxd5 25.exd5 Qb6 26.Qe3 Kh8 27.Rh4 Ng3 28.Qxe7 Nh5 29.Rxh5 gxh5
30.Nf5  1-0

[Event "Mercosur Cup"]
[Site "Villa Martelli ARG"]
[Date "2008.08.03"]
[Round "6"]
[White "Valerga,D"]
[Black "Real de Azua,E"]
[Result "1/2-1/2"]
[WhiteElo "2502"]
[BlackElo "2429"]

1.e4 c5 2.Nf3 Nc6 3.Nc3 e5 4.Bc4 Be7 5.d3 d6 6.O-O Nf6 7.Ng5 O-O 8.f4 Bg4
9.Qe1 exf4 10.Bxf4 Nd4 11.Qd2 Qd7 12.a4 h6 13.Nf3 Nxf3+ 14.gxf3 Be6 15.Rae1 Kh7
16.Bg3 Bd8 17.f4 Ba5 18.Bb5 Qd8 19.f5 a6 20.fxe6 axb5 21.Qf4 Nh5 22.Qxd6 Nxg3
23.Qxd8 Rfxd8 24.hxg3 fxe6 25.axb5 Bxc3 26.bxc3 Ra2 27.Rf2 c4 28.Re3 Rc8
29.d4 Rb2 30.Ref3 Rc7 31.Rf8 Rxb5 32.Re8 Rb6 33.g4 Kg6 34.Kg2 Rf7 35.Rxf7  1/2-1/2

[Event "12th HZ Open"]
[Site "Vlissingen NED"]
[Date "2008.08.03"]
[Round "2"]
[White "Di Berardino,D"]
[Black "Van der Borgt,P"]
[Result "1-0"]
[WhiteElo "2471"]
[BlackElo "2084"]

1.e4 c5 2.Nf3 Nc6 3.Nc3 d6 4.d4 cxd4 5.Nxd4 e5 6.Nf5 Bxf5 7.exf5 Nf6 8.g4 d5
9.Bg2 d4 10.Ne4 Bb4+ 11.Kf1 Nxe4 12.Bxe4 Qh4 13.Qf3 Rc8 14.Kg2 h5 15.g5 Be7
16.Re1 Bb4 17.Bxc6+ Rxc6 18.Rxe5+  1-0

[Event "12th HZ Open"]
[Site "Vlissingen NED"]
[Date "2008.08.03"]
[Round "2"]
[White "Larmuseau,Ma"]
[Black "Akesson,R"]
[Result "1/2-1/2"]
[WhiteElo "2092"]
[BlackElo "2481"]

1.e4 c5 2.Nc3 Nc6 3.Bb5 Nd4 4.Bc4 g6 5.Nf3 Bg7 6.Nxd4 cxd4 7.Qf3 f5 8.Ne2 e6
9.exf5 gxf5 10.Qh5+ Kf8 11.d3 b5 12.Bb3 Bb7 13.Bf4 Qb6 14.a4 b4 15.a5 Qc5
16.a6 Bd5 17.Bxd5 Qxd5 18.Qf3 Ne7 19.Bd6 Kf7 20.Bxb4 Qxf3 21.gxf3 Rhc8 22.Bxe7 Kxe7
23.Rg1 Kf7 24.Kd1 Rab8 25.b3 Rb6 26.Ra4 Rd6 27.Kd2 Bf6 28.f4 Rcc6 29.Rga1 Ke7
30.Rb4 h5 31.Rb7 Rxa6 32.Rxa7 Rxa1 33.Rxa1 h4 34.Ng1 Rc6 35.Nf3 Rc8 36.h3 Rg8
37.Ra4 Kd6 38.Ke2 Kd5 39.Ra7 Kd6 40.Ne5 Bxe5 41.fxe5+ Kxe5 42.Rxd7 Rg1 43.b4 Rb1
44.Rb7 Kf4 45.Rh7 Kg5 46.Re7 Kf6 47.Rb7 Rh1 48.Kf3 Rb1 49.Ke2 Rh1 50.Ra7 Rb1
51.Rb7  1/2-1/2

[Event "12th HZ Open"]
[Site "Vlissingen NED"]
[Date "2008.08.03"]
[Round "3"]
[White "Amonatov,F"]
[Black "Rademakers,M"]
[Result "1-0"]
[WhiteElo "2650"]
[BlackElo "1962"]

1.e4 c5 2.Nf3 Nc6 3.Nc3 e5 4.Bc4 d6 5.d3 Be7 6.Nd2 Nf6 7.Nf1 O-O 8.Ne3 Ne8
9.O-O Kh8 10.a3 Bg5 11.Ncd5 g6 12.b4 Ng7 13.Rb1 b6 14.Bb2 Bxe3 15.Nxe3 Qg5
16.Bd5 Bb7 17.Nc4 Qe7 18.bxc5 bxc5 19.f4 f6 20.Bc3 Nd8 21.fxe5 dxe5 22.Bxe5  1-0

[Event "Open"]
[Site "Olomouc CZE"]
[Date "2008.08.04"]
[Round "6"]
[White "Karlik,V"]
[Black "Furman,Bo"]
[Result "1-0"]
[WhiteElo "2301"]
[BlackElo "2223"]

1.e4 c5 2.Nc3 Nc6 3.Bb5 e5 4.Bxc6 bxc6 5.d3 Ne7 6.f4 exf4 7.Bxf4 Ng6 8.Bg3 d6
9.Nf3 Bg4 10.O-O Be7 11.Qd2 Bxf3 12.Rxf3 Bf6 13.Raf1 Bd4+ 14.Kh1 O-O 15.Nd1 d5
16.exd5 cxd5 17.Rf5 Ne7 18.R5f3 Ng6 19.c3 Be5 20.Qf2 Bxg3 21.Rxg3 Qc7 22.Ne3 Rad8
23.Nf5 Rd7 24.h4 f6 25.d4 cxd4 26.cxd4 Re8 27.h5 Nf8 28.Nh6+ Kh8 29.Qxf6 Ng6
30.Qf3 Qf4 31.hxg6 Qxf3 32.Rgxf3 gxh6 33.Rf8+ Rxf8 34.Rxf8+ Kg7 35.Rf7+ Rxf7
36.gxf7 Kxf7 37.Kh2  1-0

[Event "XXXIV Open"]
[Site "Badalona ESP"]
[Date "2008.08.05"]
[Round "5"]
[White "Ryan,Jo"]
[Black "Almeida Quintana,O"]
[Result "0-1"]
[WhiteElo "2331"]
[BlackElo "2524"]

1.e4 c5 2.Nc3 Nc6 3.Bb5 e6 4.Bxc6 bxc6 5.d3 Ne7 6.f4 c4 7.dxc4 Qb6 8.Nf3 Ba6
9.b3 d5 10.cxd5 cxd5 11.Qd4 Qa5 12.Qa4+ Qxa4 13.Nxa4 dxe4 14.Ng5 Nd5 15.c4 Nb4
16.Ke2 Bb7 17.Nc3 h6 18.Ngxe4 f5 19.Nf2 g5 20.Bb2 Bg7 21.Na4 Bxb2 22.Nxb2 gxf4
23.Nfd3 Nc2 24.Rac1 Bxg2 25.Rhg1 Nd4+ 26.Kf2 f3 27.Rce1 O-O-O 28.Ne5 Nxb3
29.Nxf3 Bxf3 30.axb3 Bh5 31.Ke3 e5 32.Rg7 f4+ 33.Ke4 Rd4+ 34.Kxe5 Rd2 35.Ra1 Rxb2
36.Raxa7 Re2+ 37.Kd6 Bf3 38.Rgf7 Rd8+ 39.Kc5 Re3 40.Rxf4 Rxb3 41.Rff7 Kb8
42.Ra6 h5 43.Rb6+ Rxb6 44.Kxb6 Rd6+ 45.Kc5 Rd3 46.Kb6 Kc8 47.Ka5 Rb3 48.c5 Be2
49.Re7 Rb2 50.h4 Bf3 51.Rf7 Rb3 52.Ka4 Bc6+ 53.Ka5 Rb5+ 54.Ka6 Rxc5 55.Kb6 Be8
56.Re7 Rb5+ 57.Ka6 Bc6  0-1

[Event "XXXIV Open"]
[Site "Badalona ESP"]
[Date "2008.08.05"]
[Round "5"]
[White "Alonso Moyano,J"]
[Black "Chirivi C,Y"]
[Result "1/2-1/2"]
[WhiteElo "2372"]
[BlackElo "2210"]

1.e4 c5 2.Nc3 Nc6 3.Bb5 Nd4 4.Bc4 e6 5.Nge2 a6 6.d3 Ne7 7.O-O Nec6 8.Nxd4 Nxd4
9.a4 Be7 10.Be3 O-O 11.Bxd4 cxd4 12.Ne2 e5 13.c3 dxc3 14.bxc3 Qc7 15.f4 d6
16.fxe5 dxe5 17.Qb3 Bg5 18.h3 Qe7 19.Rab1 Be6 20.Bxe6 fxe6 21.d4 exd4 22.cxd4 Rad8
23.Rxf8+ Rxf8 24.Kh1 Rf7 25.Ng1 h6 26.Nf3 Bf4 27.e5 Qd7 28.Qc4 Qd5 29.Qxd5 exd5
30.Kg1 Rc7 31.Rb2 Be3+ 32.Kh2 Rc4 33.Rxb7 Bxd4 34.Nxd4 Rxd4 35.e6 Kf8 36.a5 Ra4
37.Rf7+ Ke8 38.Rxg7 Rxa5 39.Kg3 d4 40.Rd7 Re5 41.Rxd4 Rxe6 42.Ra4 Kf7 43.Kh4 Kg6
44.g4 Rb6 45.Ra3 Rc6 46.Ra4 Rb6 47.Ra3  1/2-1/2

[Event "8th United Insurance"]
[Site "Dhaka BAN"]
[Date "2008.08.05"]
[Round "9"]
[White "Chowdhury,So"]
[Black "Hossain,Mon"]
[Result "1/2-1/2"]
[WhiteElo "2177"]
[BlackElo "2193"]

1.e4 c5 2.Nc3 Nc6 3.Nf3 g6 4.d4 cxd4 5.Nxd4 Bg7 6.Be3 Nf6 7.f3 O-O 8.Bc4 d6
9.Qd2 Nxd4 10.Bxd4 Be6 11.Nd5  1/2-1/2

[Event "17th Open"]
[Site "Kavala GRE"]
[Date "2008.08.05"]
[Round "7"]
[White "Orlov,And"]
[Black "Frolyanov,D"]
[Result "0-1"]
[WhiteElo "2501"]
[BlackElo "2567"]

1.e4 c5 2.Nf3 Nc6 3.Nc3 Nf6 4.Bb5 Qc7 5.O-O Nd4 6.Bc4 e6 7.h3 a6 8.a4 Be7
9.Re1 d6 10.d3 Nc6 11.Bf4 O-O 12.Bg3 b6 13.Qe2 Bb7 14.Bb3 Nd7 15.Nb1 b5 16.c3 c4
17.dxc4 Na5 18.Nbd2 Nxb3 19.Nxb3 bxc4 20.Nbd2 Rac8 21.a5 Qc5 22.Ra4 d5 23.e5 Nb8
24.Nd4 Nc6 25.N2f3 Nxa5 26.Bh4 Bxh4 27.Nxh4 Nc6 28.Nhf3 Nb8 29.Qd2 Nd7 30.Qg5 Qc7
31.Qh5 Nc5 32.Raa1 Nd3 33.Re3 Nxb2 34.Ne1 Qe7 35.Rb1 Na4 36.f4 Nc5 37.f5 Kh8
38.Nef3 exf5 39.Nxf5 Qe6 40.Nd6 Rc7 41.Nd4 Qg6 42.Qd1 Ba8 43.Kh2 Ne4 44.Nxe4 dxe4
45.Rg3 Qh6 46.Nf5 Qe6 47.Nxg7 Qxe5 48.Nh5 Rc6 49.Qd7 Qxh5 50.Qe7 Qc5 51.Qh4 Rg6
52.Rf1 Qd6 53.Rf4 Rfg8 54.Rxg6 Qxg6 55.Rf2 e3 56.Re2 Qxg2+  0-1

[Event "12th HZ Open"]
[Site "Vlissingen NED"]
[Date "2008.08.05"]
[Round "5"]
[White "Tan,Mat"]
[Black "Dek,L"]
[Result "1-0"]
[WhiteElo "2319"]
[BlackElo "2179"]

1.e4 c5 2.Nf3 Nc6 3.Nc3 Nf6 4.Bb5 Qc7 5.O-O Nd4 6.Re1 a6 7.Bf1 e5 8.Bc4 d6
9.Ng5 h6 10.Nxf7 Rh7 11.f4 Be6 12.Nxe5 dxe5 13.Nd5 Bxd5 14.exd5 e4 15.c3 b5
16.Bd3 O-O-O 17.Rxe4 Nxe4 18.Bxe4 Rh8 19.cxd4 Bd6 20.d3 g5 21.a4 b4 22.Be3 Kb8
23.Rc1 Bxf4 24.Bxf4 Qxf4 25.dxc5 Rhf8 26.Qe1 Ka7 27.c6 Rc8 28.a5 h5 29.g3 Qb8
30.Qe3+ Ka8 31.d6  1-0

[Event "95th ch-GBR"]
[Site "Liverpool ENG"]
[Date "2008.08.06"]
[Round "9"]
[White "Lyell,M"]
[Black "Cox,Tr"]
[Result "1-0"]
[WhiteElo "2232"]
[BlackElo "2144"]

1.e4 c5 2.Nc3 Nc6 3.Bb5 Nd4 4.Bc4 e6 5.Nge2 Nf6 6.O-O a6 7.d3 b5 8.Bb3 Nxb3
9.axb3 Bb7 10.f4 d5 11.e5 d4 12.exf6 dxc3 13.f5 Qd5 14.Rf2 O-O-O 15.Nxc3 Qc6
16.Qg4 gxf6 17.Be3 Be7 18.Qh3 Rhg8 19.Ne2 h5 20.Ng3 Kb8 21.Qxh5 Rh8 22.Qxf7 Bd6
23.fxe6 Rh3 24.Qxf6 Rdh8 25.gxh3 Rg8 26.Kf1 Bxg3 27.hxg3 Qh1+ 28.Ke2 Qxa1
29.Qe5+  1-0

[Event "XVII TCh-MKD"]
[Site "Struga MKD"]
[Date "2008.08.06"]
[Round "3"]
[White "Ilievski,B"]
[Black "Stanojoski,Z"]
[Result "0-1"]
[WhiteElo "2222"]
[BlackElo "2514"]

1.e4 c5 2.Nc3 Nc6 3.Bb5 g6 4.f4 Nd4 5.Nf3 Bg7 6.O-O e6 7.Nxd4 cxd4 8.Ne2 Ne7
9.d3 O-O 10.Kh1 d5 11.Ba4 b5 12.Bb3 dxe4 13.dxe4 Bb7 14.Ng3 Qd7 15.Bd2 a5
16.a4 b4 17.Bc4 d3 18.cxd3 Bxb2 19.Ra2 Bg7 20.Qb3 Ba6 21.Be3 Bxc4 22.dxc4 Qc6
23.Rd1 Rad8 24.Rad2 Rxd2 25.Rxd2 h5 26.e5 h4 27.Ne2 h3 28.Nd4 Qe4 29.Qd3 Qxd3
30.Rxd3 Rc8 31.Nb3 Rxc4 32.Nxa5 Rc2 33.gxh3 Ra2 34.Rd8+ Kh7 35.Bc5 Nd5 36.Rb8 Rxa4
37.Nc6 Nxf4 38.Rxb4 Ra1+ 39.Bg1 g5 40.h4 Nh3 41.Kg2 Nxg1 42.hxg5 Ne2 43.h4 Kg6
44.Nd8 Bxe5 45.Rb7 Nf4+ 46.Kf3 Nd5 47.Nxf7 Bc7 48.Nh6 Ra4  0-1

[Event "12th HZ Open"]
[Site "Vlissingen NED"]
[Date "2008.08.06"]
[Round "6"]
[White "Dek,L"]
[Black "Boulahfa,H"]
[Result "1/2-1/2"]
[WhiteElo "2179"]
[BlackElo "1985"]

1.e4 c5 2.Nc3 Nc6 3.Nge2 Nf6 4.g3 d6 5.Bg2 e6 6.d4 cxd4 7.Nxd4 Qb6 8.Ndb5 Qd8
9.Bf4 e5 10.Bg5 a6 11.Na3 Be6 12.Nd5 Bxd5 13.exd5 Nb8 14.O-O Nbd7 15.Nc4 Rc8
16.Qe2 Be7 17.f4 O-O 18.fxe5 Nxe5 19.Nxe5 dxe5 20.Bxf6 Bxf6 21.Kh1 Qb6 22.c3 Rc5
23.Rad1 Qd6 24.Rc1 b5 25.Qd3  1/2-1/2

[Event "XXXIV Open"]
[Site "Badalona ESP"]
[Date "2008.08.07"]
[Round "7"]
[White "Gutierrez Anso,J"]
[Black "Vehi Bach,V"]
[Result "1/2-1/2"]
[WhiteElo "2076"]
[BlackElo "2411"]

1.e4 c5 2.Nc3 Nc6 3.Bb5 Nd4 4.Bc4 e6 5.Nf3 a6 6.a4 Nf6 7.e5 d5 8.Nxd4 cxd4
9.exf6 dxc4 10.fxg7 Bxg7 11.Ne4 O-O 12.d3 Qd5 13.O-O b6 14.Bh6 f5 15.Bxg7 Kxg7
16.Ng5 Bb7 17.Nf3 cxd3 18.Qxd3 e5 19.Rfe1 Rae8 20.c3 dxc3 21.Qxc3 Rc8 22.Qxe5+  1/2-1/2

[Event "95th ch-GBR"]
[Site "Liverpool ENG"]
[Date "2008.08.07"]
[Round "10"]
[White "Rendle,T"]
[Black "Pert,R"]
[Result "1/2-1/2"]
[WhiteElo "2363"]
[BlackElo "2468"]

1.e4 c5 2.Nc3 Nc6 3.Bb5 Nd4 4.Bc4 e6 5.Nge2 Nf6 6.O-O a6 7.d3 b5 8.Bb3 Nxb3
9.axb3 Bb7 10.Bg5 h6 11.Bd2 d5 12.exd5 Nxd5 13.Nxd5  1/2-1/2

[Event "Open"]
[Site "Olomouc CZE"]
[Date "2008.08.07"]
[Round "9"]
[White "Simacek,P"]
[Black "Salama,O"]
[Result "1-0"]
[WhiteElo "2470"]
[BlackElo "2212"]

1.e4 c5 2.Nf3 Nc6 3.Nc3 Nf6 4.Bb5 Qc7 5.O-O Nd4 6.Nxd4 cxd4 7.Nd5 Nxd5 8.exd5 Qc5
9.c4 a6 10.b4 Qxb4 11.Ba4 g6 12.Bb3 Bg7 13.a4 Qa5 14.Re1 O-O 15.Ba3 Bf6 16.Rxe7 d6
17.Re1 Qd8 18.Qf3 Be5 19.Rxe5 dxe5 20.Bxf8 Qxf8 21.Re1 Qd6 22.c5 Qxc5 23.d6 Be6
24.Bxe6 fxe6 25.Qxb7 Rd8 26.Qxa6 Rxd6 27.Qa8+ Kg7 28.Qb7+ Kg8 29.Qe7 Qd5
30.Rc1  1-0

[Event "XVII TCh-MKD"]
[Site "Struga MKD"]
[Date "2008.08.07"]
[Round "4"]
[White "Ilievski,B"]
[Black "Simeonov,S"]
[Result "0-1"]
[WhiteElo "2222"]
[BlackElo "2361"]

1.e4 c5 2.Nc3 Nc6 3.Bb5 g6 4.Bxc6 dxc6 5.d3 Bg7 6.h3 Nf6 7.Nf3 O-O 8.Be3 b6
9.Qd2 Re8 10.O-O Nd7 11.Bh6 e5 12.Bxg7 Kxg7 13.Nh2 Qe7 14.f4 exf4 15.Rxf4 Ne5
16.Raf1 Be6 17.Nf3 Qd6 18.Ne2 Nxf3+ 19.R4xf3 Qe5 20.b3 Rad8 21.Qc3 Qxc3 22.Nxc3 b5
23.a4 a6 24.Ra1 c4 25.dxc4 bxc4 26.b4 Rd2 27.Rf2 Red8 28.Re1 Kf8 29.Rxd2 Rxd2
30.Re2 Rd8 31.b5 cxb5 32.axb5 axb5 33.Nxb5 Ke7 34.Kf2 Kf6 35.Ke3 Ke5 36.Re1 Ra8
37.Rb1 Ra2 38.Kd2 Kf4 39.Re1 Kg3 40.Re2 Ra1 41.Kc3 Rg1 42.Nd4 Rxg2 43.Rxg2+ Kxg2
44.Nxe6 fxe6 45.Kxc4 Kxh3 46.Kd3 Kg4 47.c4 Kf4  0-1

[Event "Mercosur Cup"]
[Site "Villa Martelli ARG"]
[Date "2008.08.07"]
[Round "11"]
[White "Valerga,D"]
[Black "Fusco,L"]
[Result "1/2-1/2"]
[WhiteElo "2502"]
[BlackElo "2392"]

1.e4 c5 2.Nc3 Nc6 3.Nf3 g6 4.d4 cxd4 5.Nxd4 Bg7 6.Be3 Nf6 7.Nb3 O-O 8.Be2 d6
9.f4 a5 10.a4 Be6 11.O-O Nd7 12.Kh1 Rc8 13.f5 Bxb3 14.cxb3 Nc5 15.Rc1 Re8
16.Bc4 e6 17.fxe6 fxe6 18.Bf4 Be5 19.Nb5 Nxe4 20.Bxe5 Nxe5 21.Bxe6+ Rxe6
22.Qd5 Ng5 23.Nd4 Rxc1 24.Rxc1 Qd7 25.h4  1/2-1/2

[Event "Petrovskaya Ladya Open"]
[Site "Peterhof RUS"]
[Date "2008.08.08"]
[Round "7"]
[White "Uliashov,D"]
[Black "Mandrikov,S"]
[Result "1-0"]
[WhiteElo "2256"]
[BlackElo "2057"]

1.e4 c5 2.Nf3 Nc6 3.Nc3 d6 4.d4 cxd4 5.Nxd4 Nf6 6.Bc4 Qb6 7.Ndb5 a6 8.Be3 Qa5
9.Nd4 Nxe4 10.Qf3 f5 11.Nxc6 bxc6 12.O-O-O d5 13.Nxe4 dxe4 14.Qe2 e6 15.Bd4 e5
16.Bc3 Qc7 17.f3 g6 18.fxe4 Bh6+ 19.Kb1 f4 20.Qd2 Bf8 21.Bxe5  1-0